Vista normal Vista MARC
  • Sumatra

Entrada Nombre geográfico

Número de registros utilizados en: 24

001 - NÚMERO DE CONTROL

  • campo de control: 25763

003 - IDENTIFICADOR DEL NÚMERO DE CONTROL

  • campo de control: OSt

005 - FECHA Y HORA DE LA ÚLTIMA TRANSACCIÓN

  • campo de control: 20150916040409.0

008 - DATOS DE LONGITUD FIJA

  • campo de control de longitud fija: 150912|| aca||aabn | a|a d

016 ## - NÚMERO DE CONTROL DE UNA AGENCIA BIBLIOGRÁFICA NACIONAL

  • Número de control del registro: 000007518

040 ## - FUENTE DE LA CATALOGACIÓN

  • Centro catalogador/agencia de origen: OSt
  • Centro/agencia transcriptor: OSt

151 ## - ENCABEZAMIENTO--NOMBRE GEOGRÁFICO

  • Nombre geográfico: Sumatra

550 ## - TRAZADO VÉASE ADEMÁS--TÉRMINO DE MATERIA

  • Subcampo de control: g
  • Término de materia o nombre geográfico como elemento de entrada: Indonesia

670 ## - FUENTE DE DATOS ENCONTRADOS

  • Cita de la fuente: AGROVOC

680 ## - NOTA GENERAL PÚBLICA

  • Texto explicativo: Término Geográfico (debajo de nivel del país)

750 ## - ENTRADA DE ENLACE DE ENCABEZAMIENTO ESTABLECIDO--TÉRMINO DE MATERIA

  • Término de materia o nombre geográfico como elemento de entrada: Indonesia

750 ## - ENTRADA DE ENLACE DE ENCABEZAMIENTO ESTABLECIDO--TÉRMINO DE MATERIA

  • Término de materia o nombre geográfico como elemento de entrada: Indonésie

750 ## - ENTRADA DE ENLACE DE ENCABEZAMIENTO ESTABLECIDO--TÉRMINO DE MATERIA

  • Término de materia o nombre geográfico como elemento de entrada: Sumatera

750 ## - ENTRADA DE ENLACE DE ENCABEZAMIENTO ESTABLECIDO--TÉRMINO DE MATERIA

  • Término de materia o nombre geográfico como elemento de entrada: Sumatra

856 ## - LOCALIZACIÓN Y ACCESO ELECTRÓNICOS

  • Identificador Uniforme del Recurso: http://aims.fao.org/skosmos/agrovoc/en/page/c_7518?clang=es
  • Texto de enlace: Ver en catálogo de autoridaedes AGROVOV